000 004300000a22001450004500
003 LK-CoMWRAF
008 230817t ||||| |||| 00| 0 eng d
040 _aLK-CoMWRAF
_dLK-CoMWRAF
_eLK-CoMWRAF
041 _aeng
082 _a792
_bETH
245 _aAn Ethnological Survey of the Muslim of Sri Lanka
_bfrom Earliest Times to Independence
260 _bSir Razik Fareed Foundation
_aSri Lanka
_c1986
300 _ap.262
942 _cBK
999 _c1093
_d1093